Zwischen zwei Feuern

Bibliographic Details
Main Author: Lindner, A.L (Author)
Corporate Author: Westungarischer Grenzbote (Bratislava, Slovensko) (Printer)
Format: Book
Language:German
PhysicalDescription:128 s. 19 cm
Published: Pressburg Druckerei des "Westungarischer Grenzbote" unter Zeitung Josef Zindl's 1904
Subjects:

MARC

LEADER 00000nam a2200000 a 4500
001 vtls010624755
003 SK-MaSNL
005 20260301215223.0
008 240318 1904 xo 001 0 ger
015 |a SNBA1904 
040 |a SNK  |b slo  |c SNK  |e AACR2 
041 |a ger 
044 |a xo  |c SK 
072 7 |a 821.112.2  |x Nemecká literatúra, nemecky písaná  |2 konspekt 
080 |a 821.112.2  |2 2011 
080 |a 821-31  |2 2011 
100 1 |a Lindner, A.L.  |4 aut  |9 604742 
245 1 0 |a Zwischen zwei Feuern  |c Roman von A. L. Lindner 
260 |a Pressburg  |b Druckerei des "Westungarischer Grenzbote" unter Zeitung Josef Zindl's  |c 1904 
300 |a 128 s.  |c 19 cm 
546 |a Nemčina  |b Fraktura 
650 0 7 |a nemecká literatúra  |2 SNKPH  |9 1195 
655 7 |a romány  |2 SNKPH  |9 1390 
700 1 |a Zindl, Josef  |4 bkp  |9 560592 
710 2 |a Westungarischer Grenzbote (Bratislava, Slovensko),  |d 1898-1919  |4 prt  |9 354928 
752 |a Slovensko  |d Bratislava 
852 |a SNK  |p SD 44102 
999 |c 927331  |d 929261 
952 |a SNK  |b SNK  |y PREZ  |7 0  |p 17A0958049  |o snkSD 44102  |i snkK 2885/74  |8 3  |0 0  |1 0  |4 0  |d 2014-09-29  |l 0  |r 2026-02-24 08:37:32  |w 2026-02-24